| 000 -ლიდერი |
| ფიქსირებული სიგრძის საკონტროლო ველი |
01549nam a22002297a 4500 |
| 003 - საკონტროლო ნომრის იდენტიფიკატორი |
| საკონტროლო ველი |
Ge_BSU |
| 005 - ბოლო ოპერაციის თარიღი და დრო |
| საკონტროლო ველი |
20241018170756.0 |
| 008 - ფიქსირებული სიგრძის მონაცემთა ელემენტები - ზოგადი ინფორმაცია |
| ფიქსირებული სიგრძის საკონტროლო ველი |
241018s1998 ge ||||| |||| 00| 0 geo d |
| 041 ## - ენის კოდი |
| Language code of text/sound track or separate title |
geo |
| 080 ## - უნივერსალური ათობითი კლასიფიკაციის ინდექსი |
| Universal Decimal Classification number |
616.31 ზ-46 |
| 100 ## - მთავარი ჩანაწერი - პიროვნების სახელი |
| Personal name |
ვადაჭკორია, ზურაბ |
| 9 (RLIN) |
23450 |
| 245 ## - ცნობა სათაურის შესახებ |
| Title |
ზოგადი პროფილის ექიმი-სტომატოლოგი : |
| Remainder of title |
საგამოცდო ტესტები / |
| Statement of responsibility, etc |
საქართველოს ჯანმრთელობის დაცვის სამინისტრო; ტექსტ-კითხვარის შემდგენლები: ვადაჭკორია ზურაბ, ივერიელი მანანა, ორჯონიკიძე ზურაბ [და სხვა]. |
| 264 ## - წარმოების, გამოცემის, დისტრიბუციის და სხვა ცნობები |
| გამოცემის, წარმოების, დისტრიბუციის... ადგილი |
თბილისი : |
| გამოცემის, წარმოების, დისტრიბუციის... სახელწოდება |
ზაურ მარგოშვილი, |
| გამოცემის, წარმოების, დისტრიბუციის... თარიღი |
1998. |
| 300 ## - ფიზიკური აღწერა |
| Extent |
198 გვ. ; |
| Other physical details |
28 სმ. |
| 653 ## - INDEX TERM--UNCONTROLLED |
| Uncontrolled term |
სტომატოლოგია |
| 653 ## - INDEX TERM--UNCONTROLLED |
| Uncontrolled term |
მედიცინა |
| 700 ## - ADDED ENTRY--PERSONAL NAME |
| Personal name |
ზურაბ, ვადაჭკორია |
| Relator term |
შემდგენელი |
| 9 (RLIN) |
23451 |
| 700 ## - ADDED ENTRY--PERSONAL NAME |
| Personal name |
მანანა, ივერიელი |
| Relator term |
შემდგენელი |
| 9 (RLIN) |
23452 |
| 700 ## - ADDED ENTRY--PERSONAL NAME |
| Personal name |
ორჯონიკიძე ზურაბ [და სხვა]. |
| Relator term |
შემდგენელი |
| 9 (RLIN) |
23453 |
| 710 ## - ADDED ENTRY--CORPORATE NAME |
| Corporate name or jurisdiction name as entry element |
საქართველოს ჯანმრთელობის დაცვის სამინისტრო. |
| 9 (RLIN) |
23454 |
| 942 ## - ADDED ENTRY ELEMENTS (KOHA) |
| Source of classification or shelving scheme |
|
| Koha item type |
წიგნი |